"Note di Cabiria (Le)-Analisi della colonna sonora del film ""Le notti di Cabiria""" (Record n. 74504)

Dettagli MARC
000 -LEADER
fixed length control field 01265nam a2200301Ia 4500
001 - CONTROL NUMBER
control field 48618
003 - CONTROL NUMBER IDENTIFIER
control field IT-RoPAU
008 - FIXED-LENGTH DATA ELEMENTS--GENERAL INFORMATION
fixed length control field 130308s9999 xx 000 0 und d
040 ## - CATALOGING SOURCE
Original cataloging agency IT-RoPAU
040 ## - CATALOGING SOURCE
Transcribing agency IT-RoPAU
041 ## - LANGUAGE CODE
Language code of text/sound track or separate title ITALIANO
999 ## - SYSTEM CONTROL NUMBERS (KOHA)
Koha Dewey Subclass [OBSOLETE] SI
100 ## - MAIN ENTRY--PERSONAL NAME
Personal name Vezzani Lorenzo
100 ## - MAIN ENTRY--PERSONAL NAME
Miscellaneous information Codice Aut. SPICS: 1405
245 ## - TITLE STATEMENT
Title "Note di Cabiria (Le)-Analisi della colonna sonora del film ""Le notti di Cabiria"""
245 ## - TITLE STATEMENT
Remainder of title "Note di Cabiria (Le)-Analisi della colonna sonora del Film ""Le Notti di Cabiria"""
250 ## - EDITION STATEMENT
Edition statement 1a ed.
260 ## - PUBLICATION, DISTRIBUTION, ETC. (IMPRINT)
Place of publication, distribution, etc. ROMA
260 ## - PUBLICATION, DISTRIBUTION, ETC. (IMPRINT)
Name of publisher, distributor, etc. Spics Records
260 ## - PUBLICATION, DISTRIBUTION, ETC. (IMPRINT)
Date of publication, distribution, etc. 1987 [1° Ed.:1987 - Ed.Ling.Originale:1987]
300 ## - PHYSICAL DESCRIPTION
Extent "16 p. (prefazione: no ; testo: 16)"
500 ## - GENERAL NOTE
General note Analisi colonna sonora del Film le Notti di Cabiria di Fellini Funzioni della Musica nel Film nino Rota Fellini Bibliografia Spartito dei Brani dell'Opera citazioni di musiche Preesistenti sinfonia N 5 di Beethoven la Vedova Allegra di Lehar in un mercato Persiano marcia dei Gladiatori Mira Il tuo Popolo Canto del Pellegrino è L'Ora che Pia Inni e Canti Llà Ri' Lli Rà di Bonagura/Rota Il Metodo dei Livelli
650 ## - SUBJECT ADDED ENTRY--TOPICAL TERM
Topical term or geographic name as entry element SAGGI MUSICALI
650 ## - SUBJECT ADDED ENTRY--TOPICAL TERM
Relator term Codice materia Spics: 7011
942 ## - ADDED ENTRY ELEMENTS (KOHA)
Koha item type LIBRO
957 ## -
-- 1
999 ## - SYSTEM CONTROL NUMBERS (KOHA)
-- 1
Dati di copia
Withdrawn status Lost status Damaged status Not for loan Home library Current library Date acquired Total Checkouts Full call number Date last seen Price effective from Koha item type Public note
    Buone Condizioni Not For Loan SPICS-MEDIATECA SPICS-MEDIATECA 08/03/2013   48618 08/03/2013 08/03/2013 LIBRO Progressivo inserimento: 50972 / N. Volumi: 1 Copie: 1 Copia Rara: SI / data import: 1 marzo 2013 - By Epidotti, Trombetti, Vaglietti.
CREDITS: SOCIETA' SAN PAOLO Via A.Severo, 58 - ROMA (RM) & PERIODICI SAN PAOLO SRL Via Giotto, 36 MILANO & CISF Via Giotto, 36 MILANO & EDIZIONI SAN PAOLO SRL,  Piazza Soncino, 5 CINISELLO BALSAMO (MI) -- ITALY